000 00464nam a2200157Ia 4500
008 230312s9999||||xx |||||||||||||| ||und||
020 _a0-19-925314-5
082 _a658.848
_bSCH-I
100 _aStephen Schueller
245 0 _aInternational Trade & The World Economy
260 _bOxford University Press
_aNew York
_c2002
300 _a111
546 _aEng.
650 _aManagement
_vIntroduction and Classical Trade , Neoclassical Trade
942 _cBK
999 _c279
_d279